000 00480 a2200157 4500
999 _c2661
_d2661
020 _a9788178299266
050 _aHN 49 SIN 2009
100 _aSingh, Katar
_eauthor
245 _aRural development :
_bprinciples, policies, and management /
250 _aMichael A. Hogg
_b3rd ed.
264 _aLondon:
_SSage,
_c2009
300 _axx,348p.
_bill.
500 _aincludes bibliographical references and index
650 _aRural development
942 _2lcc
_cBK
_e3rd ed.
_h49
_iSIN
_kHN